000 00668cab a22001935a 4500
001 L146968
008 090318e20090306xxkad f 000 0 eng d
035 _a(Sirsi) u146968
041 0 _aeng
100 1 _aShah, Aditi
245 0 4 _aThe pitfalls of PITs
260 _c2009
490 0 _aProperty Week
_v75(10) 6 March 2009,20-22(3)
520 _aConsiders whether or not REITS have made Property Income Trusts (PITs) obsolete. Explains how these schemes work and why they have fallen out of favour with investors.
590 _aKA
651 4 _aUnited Kingdom
_y
690 _aPROPERTY-PROPERTY FINANCE AND INVESTMENT-REAL ESTATE INVESTMENT TRUSTS
942 _n0
999 _c81347
_d81347